Sinh học đại cương : Dùng cho đào tạo dược sỹ đại học
Sách có 4 nội dung lớn: Tế bào, sự trao đổi chất và năng lượng, di truyền và biến dị, nguồn gốc sự sống và đa dạng sinh học.
में बचाया:
| मुख्य लेखक: | |
|---|---|
| अन्य लेखक: | , |
| स्वरूप: | पुस्तक |
| भाषा: | Vietnamese |
| प्रकाशित: |
H.
Giáo dục Việt Nam
2015
|
| संस्करण: | Tái bản lần thứ 3 |
| विषय: | |
| टैग : |
टैग जोड़ें
कोई टैग नहीं, इस रिकॉर्ड को टैग करने वाले पहले व्यक्ति बनें!
|
| Thư viện lưu trữ: | Thư viện Trường Đại học Nam Cần Thơ |
|---|
| LEADER | 01911nam a22002897a 4500 | ||
|---|---|---|---|
| 001 | NCT_62511 | ||
| 008 | 190409b xxu||||| |||| 00| 0 vie d | ||
| 999 | |c 3026 |d 3026 | ||
| 020 | |a 9786040038920 |c 62000 | ||
| 082 | 0 | 4 | |2 23rd ed. |a 570 |b Th500 |
| 100 | 1 | |a Cao Văn Thu |e Chủ biên | |
| 245 | 1 | 0 | |a Sinh học đại cương : |b Dùng cho đào tạo dược sỹ đại học |c Cao Văn Thu (chủ biên) ; Trần Trịnh Công, Đỗ Ngọc Quang,...(biên soạn) |
| 250 | |a Tái bản lần thứ 3 | ||
| 260 | |a H. |b Giáo dục Việt Nam |c 2015 | ||
| 300 | |a 211 tr. |b Hình vẽ |c 27cm | ||
| 500 | |a ĐTTS ghi: Bộ Y tế | ||
| 520 | 3 | |a Sách có 4 nội dung lớn: Tế bào, sự trao đổi chất và năng lượng, di truyền và biến dị, nguồn gốc sự sống và đa dạng sinh học. | |
| 653 | |a Dược học | ||
| 700 | 1 | |a Trần Trịnh Công |e Biên soạn | |
| 700 | 1 | |a Đỗ Ngọc Quang |e Biên soạn | |
| 942 | |2 ddc |c BK | ||
| 952 | |0 0 |1 0 |2 ddc |4 0 |6 570_000000000000000_TH500 |7 0 |9 16425 |a 000001 |b 000001 |d 2019-04-09 |l 2 |m 1 |o 570 Th500 |p MD.15085 |r 2019-12-17 |s 2019-12-03 |v 62000.00 |w 2019-04-09 |y BK | ||
| 952 | |0 0 |1 0 |2 ddc |4 0 |6 570_000000000000000_TH500 |7 0 |9 16426 |a 000001 |b 000001 |d 2019-04-09 |l 1 |o 570 Th500 |p MD.15086 |r 2020-12-09 |s 2020-11-25 |v 62000.00 |w 2019-04-09 |y BK | ||
| 952 | |0 0 |1 0 |2 ddc |4 0 |6 570_000000000000000_TH500 |7 0 |9 16427 |a 000001 |b 000001 |d 2019-04-09 |l 3 |o 570 Th500 |p MD.15087 |r 2021-01-26 |s 2021-01-12 |v 62000.00 |w 2019-04-09 |y BK | ||
| 952 | |0 0 |1 0 |2 ddc |4 0 |6 570_000000000000000_TH500 |7 0 |9 16428 |a 000001 |b 000001 |d 2019-04-09 |o 570 Th500 |p MD.15088 |r 2019-04-09 |v 62000.00 |w 2019-04-09 |y BK | ||
| 952 | |0 0 |1 0 |2 ddc |4 0 |6 570_000000000000000_TH500 |7 0 |9 16429 |a 000001 |b 000001 |d 2019-04-09 |l 1 |o 570 Th500 |p MD.15089 |r 2020-11-28 |s 2019-11-05 |v 62000.00 |w 2019-04-09 |y BK | ||
| 980 | |a Thư viện Trường Đại học Nam Cần Thơ | ||


